[Event "Amantea op-B 6th"]
[Site "Amantea"]
[Date "2008.09.06"]
[Round "7"]
[White "Vatta, Marino"]
[Black "Bellisario, Carlo"]
[Result "1-0"]
[WhiteElo "1634"]
[BlackElo "1673"]
[PlyCount "157"]
[EventDate "2008.08.31"]
[EventType "swiss"]
[EventRounds "9"]
[EventCountry "ITA"]
[SourceTitle "CBM 126 Extra"]
[Source "ChessBase"]
[SourceDate "2008.11.05"]
[SourceVersion "1"]
[SourceVersionDate "2008.11.05"]
[SourceQuality "1"]

1. d4 Nf6 2. c4 e6 3. Nc3 Bb4 4. Qc2 0-0 5. a3 Be7 6. Nf3 d5 7. e3 b6 8. Bd3 dxc4 9. Bxc4 Bb7 10. Be2 Nbd7 11. 0-0 c5 12. Rd1 Qc7 13. dxc5 Qxc5 14. b4 Qc7 15. Qb3 Rac8 16. Bb2 Bxf3 17. Bxf3 Ne5 18. Be2 Neg4 19. g3 Qb7 20. h3 Ne5 21. Nb5 Nf3+ 22. Bxf3 Qxf3 23. Nd4 Qh5 24. Kg2 Ne4 25. Nxe6 Qf5 26. Nf4 g5 27. Rd5 Nd2 28. Qd3 Qxd3 29. Rxd3 Rfd8 30. Rxd8+ Rxd8 31. Ne2 Nb3 32. Rb1 Rd2 33. Ng1 Rc2 34. Nf3 f5 35. Nd4 Nxd4 36. Bxd4 Ra2 37. Rb3 Kf7 38. Kf3 h5 39. g4 hxg4+ 40. hxg4 fxg4+ 41. Kg3 Kg6 42. e4 Rd2 43. Be3 Rd1 44. Kg2 Kh5 45. Rc3 Rd7 46. Rc6 Bf8 47. Rc4 Bg7 48. a4 Be5 49. a5 bxa5 50. bxa5 a6 51. Rc6 Rd6 52. Rc5 Re6 53. Rd5 Kg6 54. Bd4 Bf4 55. f3 gxf3+ 56. Kxf3 Kf7 57. Bb6 Re5 58. Rd7+ Re7 59. Rd5 Re5 60. Rd3 Kg6 61. Bc7 Rc5 62. Bxf4 gxf4 63. Rd6+ Kg5 64. Rd5+ Rxd5 65. exd5 Kf6 66. Kxf4 Ke7 67. Ke5 Kd7 68. Kd4 Kd6 69. Kc4 Kd7 70. Kc5 Kc7 71. Kd4 Kd6 72. Kc4 Kd7 73. Kc5 Kc7 74. d6+ Kd7 75. Kd5 Kd8 76. Kc6 Kc8 77. Kb6 Kd7 78. Kxa6 Kxd6 79. Kb7 1-0

[Event "Amantea op-B 6th"]
[Site "Amantea"]
[Date "2008.09.04"]
[Round "5"]
[White "Vatta, Marino"]
[Black "Mazzuca, Aldo"]
[Result "1-0"]
[WhiteElo "1634"]
[BlackElo "1425"]
[PlyCount "50"]
[EventDate "2008.08.31"]
[EventType "swiss"]
[EventRounds "9"]
[EventCountry "ITA"]
[SourceTitle "CBM 126 Extra"]
[Source "ChessBase"]
[SourceDate "2008.11.05"]
[SourceVersion "1"]
[SourceVersionDate "2008.11.05"]
[SourceQuality "1"]

1. d4 d5 2. Nf3 Nf6 3. e3 Bg4 4. Be2 e6 5. Nbd2 Bd6 6. h3 Bh5 7. 0-0 0-0 8. c4 c6 9. b3 Nbd7 10. Bb2 a6 11. Re1 Re8 12. Ne5 Bxe2 13. Qxe2 h6 14. c5 Bxe5 15. dxe5 Nh7 16. b4 a5 17. a3 Qg5 18. f4 Qf5 19. Nf3 Qe4 20. Red1 g5 21. Rd4 Qf5 22. fxg5 Nxg5 23. Rg4 Kf8 24. Nxg5 hxg5 25. Rf1 Ke7 1-0

[Event "Amantea op-B 6th"]
[Site "Amantea"]
[Date "2008.09.01"]
[Round "2"]
[White "Rametta, Marcello"]
[Black "Vatta, Marino"]
[Result "1-0"]
[WhiteElo "1723"]
[BlackElo "1634"]
[PlyCount "55"]
[EventDate "2008.08.31"]
[EventType "swiss"]
[EventRounds "9"]
[EventCountry "ITA"]
[SourceTitle "CBM 126 Extra"]
[Source "ChessBase"]
[SourceDate "2008.11.05"]
[SourceVersion "1"]
[SourceVersionDate "2008.11.05"]
[SourceQuality "1"]

1. e4 e5 2. Bc4 Nf6 3. d3 d6 4. h3 Nc6 5. c3 Be7 6. Nf3 h6 7. Be3 a6 8. Bb3 Na5 9. Bc2 c5 10. Nbd2 Nc6 11. Qe2 Be6 12. a3 0-0 13. d4 exd4 14. cxd4 cxd4 15. Nxd4 Nxd4 16. Bxd4 Nd7 17. Qd3 Ne5 18. Qe3 Rc8 19. Bc3 Bf6 20. 0-0 Nc4 21. Nxc4 Bxc4 22. Rfd1 Bxc3 23. bxc3 Qe7 24. Rd4 b5 25. Rad1 Rcd8 26. Qg3 d5 27. exd5 Qxa3 28. Rg4 1-0